000 00669nam a22002057a 4500
003 OSt
005 20260505081637.0
008 260505b |||||||| |||| 00| 0 eng d
020 _a 0-07-240053-6 part of 0-0
040 _aDWC-Main lib
_cOC
082 _2 6th
_aCirc. 808.51 G822 2002
100 _aGregory, Hamilton
245 _aPublic speaking for College and Career/
_cHamilton Gregory
250 _a 6th
260 _aNew York :
_bMcGraw-Hill higher education,
_c c2002
300 _axi, 484 p. ;
_bcol. ill. ;
_c 25 cm.
504 _aIncludes bibliographical references and index
650 _a1. Public speaking
942 _2ddc
_cBK-CIRC
_e6th
_kCirc.
_n0
999 _c10260
_d10260